| 000 | 00606nam a2200217 4500 | ||
|---|---|---|---|
| 003 | OSt | ||
| 005 | 20240702073010.0 | ||
| 006 | a | ||
| 008 | 240702b |||||||| |||| 00| 0 eng d | ||
| 020 | _a9789812533258 | ||
| 040 |
_aDWCL-Main lib. _cOC |
||
| 082 | _aCirc. 725.4 T599f 2010 | ||
| 100 | _aTompkins,.James A. | ||
| 245 | _aFacilities planning / | ||
| 260 |
_aNew Jersey: _bJohn Wiley & Sons, _cc2010. |
||
| 300 |
_ax, _b854p .: ill. ; _c25cm. |
||
| 504 | _aIncludes index. | ||
| 650 | _a1. Factories-Design and construction. | ||
| 650 | _a2. Facility management. | ||
| 942 |
_2ddc _n0 _cBK-CIRC _kCirc. |
||
| 999 |
_c1822 _d1822 |
||